Inštitucionálne zázemie podnikania

Inštitúcie a podnikateľské prostredie. Podnikateľský ekosystém. Komponenty podnikateľského ekosystému. Inštitucionálne zabezpečenie podnikateľských aktivít a podpora podnikania v EÚ a SR.

Gespeichert in:
Bibliographische Detailangaben
1. Verfasser: Nemcová, Edita
Format: Buchkapitel
Sprache:Slowakisch
Schlagworte:
Tags: Tag hinzufügen
Keine Tags, Fügen Sie das erste Tag hinzu!

MARC

LEADER 00000nla a2200000 4500
001 0237136
005 20240417075128.9
041 0 |a slo 
044 |a SK 
245 1 0 |a Inštitucionálne zázemie podnikania  |c Edita Nemcová 
520 |a Inštitúcie a podnikateľské prostredie. Podnikateľský ekosystém. Komponenty podnikateľského ekosystému. Inštitucionálne zabezpečenie podnikateľských aktivít a podpora podnikania v EÚ a SR. 
610 2 0 |a prostredie podnikateľské 
610 2 0 |a podnikatelia 
610 2 0 |a inštitúcia 
610 2 0 |a štát 
610 2 0 |a podpora podnikania 
610 2 0 |a Slovensko 
610 2 0 |a Európska únia 
100 1 |a Nemcová, Edita